[Event "13th Asia-ch"]
[Site "Al-Ain UAE"]
[Date "2015.08.03"]
[Round "2"]
[White "Zhang Zhong"]
[Black "Isaev, Jamshed"]
[Result "1-0"]
[WhiteElo "2628"]
[BlackElo "2300"]
[EventDate "2015.08.02"]
[PlyCount "105"]

1.Nf3 d5 2.d4 Nf6 3.c4 e6 4.g3 Bb4+ 5.Bd2 Be7 6.Bg2 c6 7.Qc2 O-O 8.O-O 
Nbd7 9.Rd1 b6 10.Bf4 Bb7 11.Nc3 Rc8 12.e4 dxc4 13.e5 Nd5 14.Ne4 b5 15.Bg5 
f6 16.exf6 N7xf6 17.Bxf6 gxf6 18.Qe2 Re8 19.Bh3 f5 20.Ne5 Rc7 21.Qh5 Bf8 
22.Nc5 Bc8 23.Bg2 Bxc5 24.dxc5 Rf8 25.Rac1 Qf6 26.Qe2 Qe7 27.b3 c3 28.Bxd5
exd5 29.Rxc3 b4 30.Rcc1 f4 31.Re1 Qf6 32.Qd2 Rg7 33.Kh1 Bh3 34.f3 fxg3 35.
hxg3 Rxg3 36.Rg1 Qxe5 37.Rxg3+ Qxg3 38.Rg1 Qxg1+ 39.Kxg1 Bf5 40.Qxb4 Bg6 
41.Qa5 Be8 42.Qxa7 Rxf3 43.Qe7 Bf7 44.Qd7 Rf6 45.a4 Bg6 46.a5 Bd3 47.Qc8+ 
Kg7 48.a6 Rf1+ 49.Kg2 Ra1 50.Qb7+ Kf8 51.a7 Be4+ 52.Kf2 Ra2+ 53.Ke3 1-0

[Event "13th Asia-ch"]
[Site "Al-Ain UAE"]
[Date "2015.08.03"]
[Round "2"]
[White "Humpy, Koneru"]
[Black "Byambaa, Zulzaga"]
[Result "1-0"]
[WhiteElo "2585"]
[BlackElo "2258"]
[EventDate "2015.08.02"]
[PlyCount "155"]

1.d4 d6 2.c4 g6 3.Nc3 Bg7 4.e4 e5 5.d5 Ne7 6.h4 f5 7.h5 f4 8.g3 g5 9.gxf4 
exf4 10.h6 Bf6 11.Qh5+ Ng6 12.Nf3 Nd7 13.Rg1 Ne5 14.Nxe5 dxe5 15.Be2 O-O 
16.Bd2 Kh8 17.O-O-O Bd7 18.Bg4 Be8 19.Qh3 Nh4 20.Ne2 Bg6 21.Bb4 Bxe4 22.
Bxf8 Qxf8 23.Qb3 Rb8 24.Nc3 Bg6 25.d6 cxd6 26.Qa3 Qxh6 27.Nd5 Qf8 28.Nxf6 
Qxf6 29.Rxd6 Qf8 30.Qc5 Re8 31.Bd7 b6 32.Qd5 Bf7 33.Qd1 Rd8 34.Rxg5 Qe7 
35.Rg1 Nf3 36.Rh1 Bxc4 37.Qc2 Bg8 38.Qc7 Nd4 39.a4 Nb3+ 40.Kb1 Nc5 41.Rhd1
Bb3 42.Rg1 Nxd7 43.Re1 Qg5 44.Ka1 Bxa4 45.b3 Bb5 46.Rd5 a6 47.Rexe5 Qg1+ 
48.Ka2 Rf8 49.Re7 Qg6 50.Rd6 Qf5 51.Qc3+ Nf6 52.Re5 Qg6 53.Rxb6 Qg7 54.Rf5
Nd7 55.Rxf8+ Nxf8 56.Qc8 h6 57.Rb8 Kg8 58.Qf5 Qf7 59.Qe4 Kg7 60.Qd4+ Kh7 
61.Qe4+ Kg8 62.Rb6 Nd7 63.Rg6+ Kf8 64.Qa8+ Ke7 65.Rxh6 Qf5 66.Qc8 Bd3 67.
Qc3 Bb5 68.Rh1 Qc5 69.Rh7+ Kd6 70.Qd2+ Ke6 71.Rh6+ Kf7 72.Qxf4+ Kg7 73.Qd2
Nf6 74.Rh4 Be8 75.Rc4 Qb6 76.Qg5+ Bg6 77.f4 Kh7 78.Rc5 1-0

[Event "13th Asia-ch"]
[Site "Al-Ain UAE"]
[Date "2015.08.03"]
[Round "2"]
[White "Nguyen Huynh Minh Huy"]
[Black "Bayarmandakh, Balgan"]
[Result "1-0"]
[WhiteElo "2496"]
[BlackElo "2225"]
[EventDate "2015.08.02"]
[PlyCount "89"]

1.d4 d5 2.c4 e6 3.Nf3 Be7 4.g3 Nf6 5.Bg2 Nbd7 6.O-O O-O 7.Qc2 c6 8.Nbd2 b6
9.e4 dxe4 10.Nxe4 Nxe4 11.Qxe4 Ba6 12.b3 Rc8 13.Bf4 b5 14.c5 b4 15.Rfc1 
Nf6 16.Qc2 Nd5 17.Bd2 Bb5 18.a3 bxa3 19.Rxa3 Ra8 20.Rca1 Bf6 21.Rxa7 Rxa7 
22.Rxa7 h6 23.Ra1 Qc7 24.Qe4 Re8 25.Bf4 Nxf4 26.gxf4 Rd8 27.Ne5 g6 28.Bf1 
Bxf1 29.Kxf1 Bxe5 30.fxe5 Qb7 31.Qd3 Qb4 32.Ra4 Qb7 33.Kg2 h5 34.h3 Rb8 
35.Ra6 Qd7 36.Qe4 Rb4 37.Rxc6 Qb7 38.Qf3 Rxb3 39.Rc8+ Qxc8 40.Qxb3 Kf8 41.
Qb6 Ke8 42.c6 Qd8 43.c7 Qd5+ 44.Kh2 Kd7 45.Qb8 1-0

[Event "13th Asia-ch"]
[Site "Al-Ain UAE"]
[Date "2015.08.03"]
[Round "2"]
[White "Ahmed, Abdul Sattar Wahab"]
[Black "Hossain, Enamul"]
[Result "0-1"]
[WhiteElo "2297"]
[BlackElo "2436"]
[EventDate "2015.08.02"]
[PlyCount "100"]

1.e4 c5 2.Nf3 e6 3.d4 cxd4 4.Nxd4 Nc6 5.Nc3 Qc7 6.Be3 a6 7.Bd3 Nf6 8.O-O 
b5 9.Nxc6 Qxc6 10.f3 Bc5 11.Qe2 d6 12.Kh1 Bb7 13.Bg5 Nd7 14.a4 b4 15.Nd5 
Ne5 16.f4 exd5 17.exd5 Qc7 18.fxe5 dxe5 19.Rae1 Bd6 20.Qe4 f6 21.Bd2 Qc5 
22.Bc4 O-O 23.Be3 Qc7 24.Bb3 g6 25.Bh6 Rf7 26.Qh4 f5 27.Bg5 a5 28.Rf3 Re8 
29.Bf6 Ref8 30.Bg5 e4 31.Rf2 Re8 32.Be3 Ba6 33.Bf4 Bxf4 34.Rxf4 Qd6 35.Qf2
e3 36.Qf3 Rfe7 37.h4 h5 38.g3 Kg7 39.Kh2 e2 40.Qf2 Re3 41.Rf3 Rxf3 42.Qxf3
Re4 43.Kh3 Qe5 44.Qf2 Rg4 45.Rg1 Kh6 46.d6 f4 47.gxf4 Rxf4 48.Rxg6+ Kxg6 
49.Qg3+ Kh6 50.d7 Qf5+ 0-1

[Event "13th Asia-ch"]
[Site "Al-Ain UAE"]
[Date "2015.08.03"]
[Round "2"]
[White "Kostenko, Petr"]
[Black "Ayyad, Maher"]
[Result "1-0"]
[WhiteElo "2431"]
[BlackElo "2122"]
[EventDate "2015.08.02"]
[PlyCount "55"]

1.e4 c5 2.Nf3 e6 3.c4 Nc6 4.Nc3 d6 5.d4 cxd4 6.Nxd4 Nf6 7.Be2 Be7 8.O-O 
O-O 9.Be3 a6 10.Rc1 Bd7 11.f3 Rc8 12.Nxc6 Bxc6 13.b4 b6 14.Qd4 Nd7 15.Rfd1
Bb7 16.Na4 Bc6 17.Nc3 Bb7 18.Qd2 Qc7 19.Na4 Bc6 20.b5 Bb7 21.e5 Nc5 22.
exd6 Bxd6 23.Qxd6 Nxa4 24.c5 Nxc5 25.bxa6 Bd5 26.Qxc7 Rxc7 27.a4 Bb3 28.
Rd6 1-0

[Event "13th Asia-ch"]
[Site "Al-Ain UAE"]
[Date "2015.08.03"]
[Round "2"]
[White "Al-Hajiri, Bader"]
[Black "Karthikeyan, Pandian"]
[Result "0-1"]
[WhiteElo "2238"]
[BlackElo "2426"]
[EventDate "2015.08.02"]
[PlyCount "58"]

1.e4 e5 2.Nf3 Nc6 3.Bc4 Bc5 4.c3 Nf6 5.d4 exd4 6.e5 d5 7.Bb5 Ne4 8.cxd4 
Bb6 9.h3 O-O 10.Nc3 f6 11.Qa4 Nxd4 12.Nxd4 fxe5 13.Nxe4 dxe4 14.Nc2 Bxf2+ 
15.Ke2 Qh4 16.Be3 Bxe3 17.Qb3+ Be6 18.Qxe3 a6 19.Ba4 c5 20.Na3 b5 21.Bb3 
c4 22.Bc2 b4 23.Nb1 Rad8 24.g3 Qh5+ 25.Ke1 Rf3 26.Qxe4 Bd5 27.Qg4 Qh6 28.
Rh2 Qe3+ 29.Re2 Qg1+ 0-1

[Event "13th Asia-ch"]
[Site "Al-Ain UAE"]
[Date "2015.08.03"]
[Round "2"]
[White "Sharavdorj, Dashzeveg"]
[Black "Baimurzin, Aitkazy"]
[Result "1-0"]
[WhiteElo "2423"]
[BlackElo "2096"]
[EventDate "2015.08.02"]
[PlyCount "99"]

1.d4 Nf6 2.Nf3 a6 3.c4 c5 4.d5 e6 5.Nc3 b5 6.Bg5 h6 7.Bxf6 gxf6 8.e4 b4 9.
Nb1 d6 10.Nbd2 a5 11.Bd3 a4 12.O-O Kd7 13.Bc2 Qa5 14.e5 fxe5 15.dxe6+ fxe6
16.Nxe5+ Kc7 17.Ng6 Bg7 18.Nxh8 Bxh8 19.Be4 Ra7 20.Rb1 Nd7 21.Qe2 Kb8 22.
g3 Qd8 23.Bg2 Qg8 24.Rfd1 Nf6 25.Nf3 Ra6 26.Rd2 Bb7 27.Rbd1 Ne4 28.Rd3 a3 
29.Nh4 Qh7 30.bxa3 Nc3 31.Qxe6 Nxd1 32.Rxd1 Qc2 33.Rf1 Be5 34.Bxb7 Kxb7 
35.Nf3 Bc3 36.axb4 cxb4 37.Qd5+ Kc7 38.c5 dxc5 39.Qxc5+ Rc6 40.Qa7+ Kc8 
41.Nd4 Bxd4 42.Qxd4 Rc4 43.Qh8+ Kb7 44.Qg7+ Rc7 45.Qd4 Rc4 46.Qd5+ Kb6 47.
Re1 Rc5 48.Re6+ Kb5 49.Qb7+ Kc4 50.Re4+ 1-0

[Event "13th Asia-ch"]
[Site "Al-Ain UAE"]
[Date "2015.08.03"]
[Round "2"]
[White "Mamyrbay, Assad"]
[Black "Nitin, Senthilvel"]
[Result "0-1"]
[WhiteElo "2217"]
[BlackElo "2404"]
[EventDate "2015.08.02"]
[PlyCount "64"]

1.e4 c5 2.Nf3 e6 3.d4 cxd4 4.Nxd4 a6 5.Bd3 g6 6.c4 Bg7 7.Nb3 Ne7 8.O-O O-O
9.Nc3 Nbc6 10.Be2 f5 11.Bg5 h6 12.Be3 f4 13.Bc5 b6 14.Bd6 Bb7 15.Qd2 Ne5 
16.f3 Rf7 17.Rfd1 Nc8 18.Ba3 g5 19.Rf1 Ne7 20.Rad1 N7g6 21.Nc1 h5 22.h3 g4
23.fxg4 hxg4 24.hxg4 Qg5 25.Bd6 Re8 26.b3 Nxg4 27.Bxg4 Qxg4 28.N3e2 Bxe4 
29.Nxf4 Nxf4 30.Rxf4 Rxf4 31.Bxf4 Rf8 32.Be3 Bxg2 0-1

[Event "13th Asia-ch"]
[Site "Al-Ain UAE"]
[Date "2015.08.03"]
[Round "2"]
[White "Tologontegin, Semetey"]
[Black "Nassar, Marwan"]
[Result "1-0"]
[WhiteElo "2390"]
[BlackElo "2030"]
[EventDate "2015.08.02"]
[PlyCount "125"]

1.g3 d5 2.Bg2 Nf6 3.d3 e5 4.Nf3 Bd6 5.O-O O-O 6.c4 c6 7.cxd5 cxd5 8.Bg5 
Nbd7 9.Nc3 h6 10.Bxf6 Nxf6 11.Qb3 d4 12.Nd5 Nxd5 13.Qxd5 Qe7 14.Rfc1 Be6 
15.Qb5 a6 16.Qb6 Rac8 17.a3 Rxc1+ 18.Rxc1 Rc8 19.Rxc8+ Bxc8 20.Nd2 Qc7 21.
Nc4 Qxb6 22.Nxb6 Be6 23.Bxb7 a5 24.Bd5 Bc7 25.Na8 Bxd5 26.Nxc7 Bc6 27.Na6 
Kf8 28.Nc5 Ke7 29.Kf1 Bd5 30.Ke1 f5 31.Kd2 Kd6 32.b4 Kc6 33.e3 axb4 34.
axb4 Kd6 35.exd4 exd4 36.Kc2 Bc6 37.f4 Kd5 38.h4 Kd6 39.Kd2 Kd5 40.Nb3 Ba4
41.Nc1 Bb5 42.Ne2 Be8 43.Kc2 Ba4+ 44.Kb2 Bb5 45.Nc1 Kd6 46.Nb3 Kd5 47.Nc5 
Kd6 48.Kc2 Kd5 49.Kd2 Kd6 50.Nb3 Kd5 51.Na1 Bd7 52.Nc2 Ba4 53.Na3 Bb3 54.
Kc1 Ba4 55.Kb2 Bd7 56.Kb3 Be8 57.b5 Kc5 58.Ka4 Bf7 59.Ka5 Be8 60.b6 Bc6 
61.Nc4 Bb7 62.Nd2 Kc6 63.Nb3 1-0

[Event "13th Asia-ch"]
[Site "Al-Ain UAE"]
[Date "2015.08.03"]
[Round "2"]
[White "Ezizov, Jumamuhammet"]
[Black "Li Di"]
[Result "0-1"]
[WhiteElo "1789"]
[BlackElo "2384"]
[EventDate "2015.08.02"]
[PlyCount "106"]

1.e4 c5 2.Nf3 e6 3.Nc3 Nc6 4.Bc4 a6 5.a4 Nf6 6.O-O d5 7.exd5 exd5 8.Re1+ 
Be7 9.Bf1 d4 10.Ne2 O-O 11.d3 h6 12.Ng3 Re8 13.Bf4 Nd5 14.Qc1 Bg4 15.Ne5 
Nxe5 16.Rxe5 Bf6 17.Rxe8+ Qxe8 18.h3 Be6 19.Ne4 Be7 20.Bd6 Bxd6 21.Nxd6 
Qc6 22.Ne4 Re8 23.Qd2 b6 24.Be2 Qc7 25.Bf3 Nb4 26.Re1 Bd7 27.b3 Qe5 28.Re2
Qb8 29.Ng3 Rxe2 30.Qxe2 Kf8 31.Nh5 Qe8 32.Qd2 Qe5 33.Nf4 Nxc2 34.Nd5 Qe1+ 
35.Qxe1 Nxe1 36.Nxb6 Nxf3+ 37.gxf3 Bxh3 38.a5 Ke7 39.b4 cxb4 40.Nd5+ Kd6 
41.Nxb4 Bc8 42.Kf1 Kc5 43.Nc2 g5 44.Ke2 h5 45.Kf1 h4 46.Ke2 Bf5 47.Ne1 Kb4
48.Nc2+ Kc3 49.Ne1 h3 50.Kf1 Kd2 51.f4 g4 52.f3 g3 53.Ng2 h2 0-1

[Event "13th Asia-ch"]
[Site "Al-Ain UAE"]
[Date "2015.08.03"]
[Round "2"]
[White "Xu Yi"]
[Black "Miswadah, Baha"]
[Result "1-0"]
[WhiteElo "2365"]
[BlackElo "1855"]
[EventDate "2015.08.02"]
[PlyCount "95"]

1.e4 c5 2.Nf3 g6 3.d4 cxd4 4.Nxd4 Nc6 5.Nc3 Bg7 6.Be3 Nf6 7.Bc4 O-O 8.Bb3 
a5 9.O-O Nxd4 10.Bxd4 d6 11.a4 Bd7 12.Re1 Bc6 13.Nd5 Nd7 14.c3 e6 15.Bxg7 
Kxg7 16.Nf4 Nc5 17.Bc2 Qe7 18.b4 axb4 19.cxb4 e5 20.Nd5 Bxd5 21.bxc5 Bc6 
22.cxd6 Qg5 23.Ra3 Rfd8 24.Rd3 Rd7 25.Qb1 Bxa4 26.Bxa4 Rxa4 27.Rd5 Ra6 28.
Red1 Rc6 29.g3 Qf6 30.Qd3 Qe6 31.Kg2 h5 32.h3 h4 33.gxh4 Qf6 34.h5 Qg5+ 
35.Qg3 Qxh5 36.R1d2 f6 37.f4 exf4 38.Qxf4 g5 39.Qf5 Qf7 40.Kh2 Rc8 41.e5 
fxe5 42.Qxg5+ Qg6 43.Qxe5+ Kf8 44.Qh8+ Qg8 45.Rf5+ Rf7 46.d7 Rd8 47.Qh5 
Rxd7 48.Rxd7 1-0

[Event "13th Asia-ch"]
[Site "Al-Ain UAE"]
[Date "2015.08.03"]
[Round "2"]
[White "Yuan Qingyu"]
[Black "Sulimani, Yaser"]
[Result "1-0"]
[WhiteElo "2359"]
[BlackElo "1760"]
[EventDate "2015.08.02"]
[PlyCount "95"]

1.c4 Nf6 2.Nc3 e6 3.e4 Nc6 4.Nf3 Bb4 5.Qc2 d5 6.cxd5 exd5 7.e5 Qe7 8.Bb5 
d4 9.O-O dxc3 10.dxc3 Nd5 11.Bxc6+ bxc6 12.cxb4 O-O 13.a3 Bg4 14.Ng5 g6 
15.Re1 Rad8 16.Qxc6 h6 17.Ne4 Qxe5 18.Bxh6 Rfe8 19.Nf6+ Qxf6 20.Rxe8+ Rxe8
21.Qxe8+ Kh7 22.Bc1 Be6 23.Qb5 Qd4 24.Qf1 Kg7 25.h3 Qe5 26.Qd1 Nb6 27.Be3 
Kh7 28.Qd4 Qxd4 29.Bxd4 Nc4 30.b5 Kg8 31.Rc1 Kf8 32.Bxa7 Ke8 33.Bd4 Kd7 
34.h4 Nd2 35.Be5 Nc4 36.Bd4 Nd2 37.Rd1 Nc4 38.f3 Kc8 39.Kf2 Kb7 40.Bc5 
Nxb2 41.Rd4 Nc4 42.g4 Ne5 43.h5 gxh5 44.gxh5 Bf5 45.Ke3 f6 46.h6 c6 47.b6 
Kc8 48.Rf4 1-0

[Event "13th Asia-ch"]
[Site "Al-Ain UAE"]
[Date "2015.08.03"]
[Round "2"]
[White "Bukhari, Mohameed"]
[Black "Liu Chang"]
[Result "0-1"]
[WhiteElo "1737"]
[BlackElo "2353"]
[EventDate "2015.08.02"]
[PlyCount "70"]

1.e4 d6 2.Bc4 Nf6 3.Nc3 g6 4.d4 Bg7 5.Nf3 O-O 6.h3 c6 7.Be3 b5 8.Be2 b4 9.
Na4 Nxe4 10.c4 bxc3 11.bxc3 Nd7 12.O-O Nb6 13.c4 Nxa4 14.Qxa4 Nc3 15.Qc2 
Nxe2+ 16.Qxe2 Ba6 17.Qc2 d5 18.Nd2 c5 19.dxc5 Bxa1 20.Rxa1 d4 21.Bh6 Re8 
22.Qd3 Bb7 23.Re1 e5 24.Ne4 Bxe4 25.Qxe4 Rc8 26.c6 Qf6 27.f4 Qxc6 28.fxe5 
Qxe4 29.Rxe4 Rxc4 30.g4 f5 31.gxf5 gxf5 32.Re2 Kf7 33.Rg2 Ke6 34.h4 d3 35.
Bg5 Rb8 0-1

[Event "13th Asia-ch"]
[Site "Al-Ain UAE"]
[Date "2015.08.04"]
[Round "3"]
[White "Ganguly, Surya Shekhar"]
[Black "Vakhidov, Jahongir"]
[Result "1-0"]
[WhiteElo "2631"]
[BlackElo "2525"]
[EventDate "2015.08.02"]
[PlyCount "143"]

1.e4 c5 2.Nf3 Nc6 3.d4 cxd4 4.Nxd4 g6 5.c4 Nf6 6.Nc3 Nxd4 7.Qxd4 d6 8.Be2 
Bg7 9.Be3 O-O 10.Qd2 Be6 11.O-O Qa5 12.Rab1 Rfc8 13.b3 a6 14.Rfc1 b5 15.b4
Qd8 16.cxb5 axb5 17.f3 Ra3 18.Nxb5 Rxa2 19.Qe1 Bd7 20.Bf1 Ne8 21.Nc3 Ra3 
22.Nd5 Rb8 23.b5 e6 24.Nb4 Qa5 25.Bf2 Rb7 26.b6 Bf6 27.Qe2 Qa8 28.Nc6 Qa4 
29.Rb4 Qxc6 30.Rxc6 Bxc6 31.Qc2 Bd7 32.h4 Ra5 33.Rb1 Bd8 34.Bb5 Rxb5 35.
Rxb5 Bxb5 36.Qc8 Rxb6 37.Qxd8 Rb7 38.h5 Kg7 39.Be3 f6 40.Qc8 Re7 41.h6+ 
Kf7 42.f4 e5 43.f5 gxf5 44.exf5 Rc7 45.Qb8 Bc6 46.Qb3+ Kf8 47.Qd3 Rb7 48.
Qc4 Rb1+ 49.Kh2 Bb7 50.Bc1 Bd5 51.Qc8 Be4 52.g4 Bb7 53.Qc3 Be4 54.Kg3 Bd5 
55.Kf2 Rb3 56.Qc8 Rf3+ 57.Ke2 Rg3 58.g5 fxg5 59.Qd8 Rc3 60.Bxg5 Rc7 61.Bf6
Kf7 62.Bg7 Ra7 63.Qg5 Ra2+ 64.Ke1 Bf3 65.f6 Re2+ 66.Kf1 Re4 67.Qf5 Be2+ 
68.Ke1 Bd3+ 69.Kd2 Rd4 70.Qd7+ Kg6 71.Qxe8+ Kg5 72.f7 1-0

[Event "13th Asia-ch"]
[Site "Al-Ain UAE"]
[Date "2015.08.04"]
[Round "3"]
[White "Sandipan, Chanda"]
[Black "Wang Chen"]
[Result "1/2-1/2"]
[WhiteElo "2585"]
[BlackElo "2524"]
[EventDate "2015.08.02"]
[PlyCount "199"]

1.d4 Nf6 2.c4 e6 3.Nc3 d5 4.cxd5 exd5 5.Bg5 c6 6.Qc2 Na6 7.e3 Nc7 8.Bd3 
Be7 9.Nf3 Nh5 10.Bxe7 Qxe7 11.O-O Nf6 12.Rab1 O-O 13.b4 a6 14.a4 Ne6 15.
Rfc1 Bd7 16.Qd1 Rfc8 17.Ne5 Be8 18.a5 Nd7 19.Nf3 Rd8 20.Na4 Nc7 21.Qb3 
Rab8 22.Re1 Nf8 23.Rbd1 Bd7 24.Ne5 Be8 25.Bb1 f6 26.Nd3 Bf7 27.Ba2 Nb5 28.
Qb2 Re8 29.Ndc5 Qc7 30.Nb6 Rbd8 31.f3 Kh8 32.e4 dxe4 33.Bxf7 Qxf7 34.fxe4 
Re7 35.Qf2 Rde8 36.e5 Kg8 37.Rf1 fxe5 38.Qxf7+ Rxf7 39.Rxf7 Kxf7 40.dxe5 
Kg6 41.Rf1 Ne6 42.Nxb7 Re7 43.Nd6 Nec7 44.Rc1 Rxe5 45.Nxb5 Nxb5 46.Rxc6+ 
Kf5 47.Nc4 Re1+ 48.Kf2 Rb1 49.Rxa6 Rxb4 50.Rb6 Rxc4 51.Rxb5+ Kf4 52.g3+ 
Ke4 53.Kg2 Rc2+ 54.Kh3 Ra2 55.Rh5 h6 56.Kg4 Ra4 57.Rb5 g6 58.h4 Ke3+ 59.
Kh3 h5 60.Rg5 Ke4 61.Kg2 Ra2+ 62.Kf1 Ke3 63.Kg1 Kf3 64.Rxg6 Rxa5 65.Kh2 
Rf5 66.Re6 Kf2 67.Rg6 Kf3 68.Re6 Kf2 69.Kh3 Kf3 70.Re1 Kf2 71.Ra1 Kf3 72.
Ra3+ Ke4 73.g4 hxg4+ 74.Kxg4 Rf1 75.Ra5 Rg1+ 76.Kh5 Kf4 77.Kh6 Rb1 78.Ra6 
Kf5 79.Ra5+ Kf6 80.h5 Rh1 81.Kh7 Rh2 82.h6 Rh1 83.Ra2 Kf7 84.Rf2+ Ke7 85.
Rf5 Rh2 86.Rg5 Kf7 87.Rg7+ Kf6 88.Rg4 Kf7 89.Rf4+ Ke7 90.Rf5 Rh1 91.Rf2 
Ke8 92.Rf5 Ke7 93.Rf4 Rg1 94.Kh8 Rh1 95.h7 Rg1 96.Ra4 Kf7 97.Ra7+ Kf8 98.
Ra8+ Kf7 99.Rg8 Rf1 100.Rg7+ 1/2-1/2

[Event "13th Asia-ch"]
[Site "Al-Ain UAE"]
[Date "2015.08.04"]
[Round "3"]
[White "Vishnu Prasanna, Vasanthan"]
[Black "Lalith Babu, Musunuri Rohit"]
[Result "1-0"]
[WhiteElo "2502"]
[BlackElo "2570"]
[EventDate "2015.08.02"]
[PlyCount "71"]

1.e4 c6 2.d4 d5 3.e5 Bf5 4.h4 h5 5.c4 e6 6.Nc3 Ne7 7.Nge2 Bg4 8.Bg5 Qb6 9.
Qd2 Nd7 10.cxd5 Nxd5 11.Nxd5 cxd5 12.Nc3 a6 13.Rc1 Qa7 14.Be2 Bb4 15.a3 
Bxe2 16.Kxe2 Ba5 17.Rh3 b5 18.Kf1 Nf8 19.b4 Bb6 20.Ne2 Ng6 21.Rhc3 Rb8 22.
Rc6 O-O 23.Ng3 Rb7 24.Rxb6 Qxb6 25.Nxh5 Rc7 26.Rc5 Kh7 27.Nxg7 Kxg7 28.
Bf6+ Kh7 29.Qg5 Rh8 30.h5 Rg8 31.hxg6+ Rxg6 32.Qh4+ Rh6 33.Qg3 Rg6 34.Qh3+
Rh6 35.Qd3+ Rg6 36.Bd8 1-0

[Event "13th Asia-ch"]
[Site "Al-Ain UAE"]
[Date "2015.08.04"]
[Round "3"]
[White "Idani, Pouya"]
[Black "Darini, Pouria"]
[Result "1/2-1/2"]
[WhiteElo "2568"]
[BlackElo "2501"]
[EventDate "2015.08.02"]
[PlyCount "69"]

1.d4 Nf6 2.Nf3 g6 3.g3 Bg7 4.c4 O-O 5.Bg2 d6 6.O-O Nc6 7.Nc3 Bg4 8.d5 Na5 
9.Nd2 c5 10.h3 Bd7 11.Qc2 a6 12.b3 b5 13.Bb2 Rb8 14.Nd1 e5 15.dxe6 Bxe6 
16.Ne3 bxc4 17.Ndxc4 Nxc4 18.Nxc4 d5 19.Rad1 Qe7 20.Bxf6 Bxf6 21.Bxd5 Bxh3
22.Bg2 Bf5 23.Qd2 Rbd8 24.Qe3 Qxe3 25.Nxe3 Be6 26.Bd5 Bh3 27.Bg2 Be6 28.
Nd5 Bxd5 29.Bxd5 Bd4 30.Bc4 a5 31.Rd3 Bf6 32.Bb5 Bd4 33.Bc6 Bf6 34.Bd7 Bd4
35.Bb5 1/2-1/2

[Event "13th Asia-ch"]
[Site "Al-Ain UAE"]
[Date "2015.08.04"]
[Round "3"]
[White "Gao Rui"]
[Black "Le Quang Liem"]
[Result "1/2-1/2"]
[WhiteElo "2528"]
[BlackElo "2699"]
[EventDate "2015.08.02"]
[PlyCount "73"]

1.e4 c5 2.Nf3 d6 3.d4 cxd4 4.Nxd4 Nf6 5.Nc3 a6 6.Bg5 Nbd7 7.Bc4 Qb6 8.Bb3 
e6 9.Bxf6 Nxf6 10.f4 Be7 11.Qd2 Nd7 12.O-O-O Nc5 13.g4 Bd7 14.f5 Bf6 15.
fxe6 fxe6 16.g5 Be5 17.Rhf1 O-O-O 18.Nf3 Bxc3 19.Qxc3 Kb8 20.Nd2 Bb5 21.
Rf7 Rc8 22.Qxg7 Rhg8 23.Qxh7 Rxg5 24.Kb1 Be2 25.Nc4 Qc6 26.Re1 Rcg8 27.Qh4
Qxe4 28.Rf4 Qc6 29.Nd2 Rh5 30.Qe7 Rxh2 31.Bxe6 Rh1 32.Nf1 Nxe6 33.Qxe6 Re8
34.Qf7 Bh5 35.Rxe8+ Qxe8 36.Qxe8+ Bxe8 37.b3 1/2-1/2

[Event "13th Asia-ch"]
[Site "Al-Ain UAE"]
[Date "2015.08.04"]
[Round "3"]
[White "Nguyen Ngoc Truong Son"]
[Black "Khusnutdinov, Rustam"]
[Result "1/2-1/2"]
[WhiteElo "2662"]
[BlackElo "2510"]
[EventDate "2015.08.02"]
[PlyCount "85"]

1.e4 c5 2.Nf3 d6 3.d4 cxd4 4.Nxd4 Nf6 5.Nc3 a6 6.Bg5 Nbd7 7.Qe2 g6 8.O-O-O
Bg7 9.h4 h6 10.Bxf6 Bxf6 11.Nd5 e5 12.Nb3 h5 13.g3 Bg7 14.Bh3 Nf6 15.Kb1 
b5 16.Nxf6+ Qxf6 17.Bxc8 Rxc8 18.Rd5 O-O 19.f3 Bh6 20.a3 Kh7 21.c3 Rfd8 
22.Rhd1 Qe7 23.Na1 Bf8 24.Nc2 Qa7 25.g4 hxg4 26.fxg4 Be7 27.Ne3 Kg7 28.Qf2
Qd7 29.Rf1 Qe6 30.Qg2 Rh8 31.Nf5+ Kf8 32.Nxe7 Qxe7 33.h5 Kg7 34.Qd2 Rcd8 
35.Rd3 Rhf8 36.Rh3 g5 37.Rd3 Rd7 38.Rd1 Rfd8 39.Qe3 f6 40.Qf3 Qe6 41.Rd5 
Rc8 42.Qe2 Rc6 43.Qf3 1/2-1/2

[Event "13th Asia-ch"]
[Site "Al-Ain UAE"]
[Date "2015.08.04"]
[Round "3"]
[White "Nguyen Djuc Hoa"]
[Black "Santosh Gujrathi, Vidit"]
[Result "0-1"]
[WhiteElo "2500"]
[BlackElo "2644"]
[EventDate "2015.08.02"]
[PlyCount "68"]

1.d4 Nf6 2.c4 g6 3.Nc3 d5 4.Nf3 Bg7 5.Bg5 dxc4 6.e4 c5 7.d5 b5 8.e5 b4 9.
exf6 exf6 10.Be3 bxc3 11.bxc3 f5 12.Rc1 O-O 13.Bxc4 Nd7 14.O-O Nb6 15.Bb3 
Qd6 16.Qd2 a5 17.Bf4 Qd7 18.c4 a4 19.Bd1 Ba6 20.Be2 Rfe8 21.Rfe1 a3 22.Bf1
Rxe1 23.Qxe1 Bb2 24.Ne5 Qe8 25.Rc3 f6 26.Re3 fxe5 27.Bxe5 Qd7 28.Qa5 Qd8 
29.d6 Nxc4 30.Bxc4+ Bxc4 31.Qxc5 Bxa2 32.h3 Bf7 33.Re1 Bxe5 34.Qxe5 a2 0-1

[Event "13th Asia-ch"]
[Site "Al-Ain UAE"]
[Date "2015.08.04"]
[Round "3"]
[White "Sasikiran, Krishnan"]
[Black "Rahman, Ziaur"]
[Result "1/2-1/2"]
[WhiteElo "2640"]
[BlackElo "2509"]
[EventDate "2015.08.02"]
[PlyCount "93"]

1.d4 d6 2.e4 Nf6 3.f3 c5 4.d5 g6 5.c4 b5 6.cxb5 a6 7.a4 Bg7 8.Nc3 O-O 9.
Nge2 Nbd7 10.Ng3 axb5 11.Bxb5 Ba6 12.Nge2 Ne5 13.O-O Qb6 14.Kh1 Rfb8 15.
Rb1 Ne8 16.f4 Ng4 17.h3 Ngf6 18.e5 Bxb5 19.axb5 Nd7 20.e6 Nf8 21.f5 f6 22.
Be3 Qa5 23.Rf4 Bh6 24.Ra4 Qxa4 25.Nxa4 Bxe3 26.Nac3 gxf5 27.Qd3 f4 28.Rf1 
Ng6 29.g3 f3 30.Qxe3 fxe2 31.Qxe2 Nc7 32.g4 Ra5 33.g5 f5 34.b6 Rxb6 35.
Rxf5 Nb5 36.Qf1 Rb8 37.Nxb5 Raxb5 38.Rf2 Rb3 39.Qd1 Rxb2 40.Rxb2 Rxb2 41.
h4 Nxh4 42.Qa4 Rb1+ 43.Kh2 Ng6 44.Qe8+ Kg7 45.Qf7+ Kh8 46.Qe8+ Kg7 47.Qf7+
1/2-1/2

[Event "13th Asia-ch"]
[Site "Al-Ain UAE"]
[Date "2015.08.04"]
[Round "3"]
[White "Lin Chen"]
[Black "Sethuraman, Panayapan"]
[Result "1-0"]
[WhiteElo "2494"]
[BlackElo "2635"]
[EventDate "2015.08.02"]
[PlyCount "117"]

1.e4 g6 2.d4 Bg7 3.Nc3 d6 4.Nf3 a6 5.a4 Nf6 6.Bc4 O-O 7.O-O Bg4 8.h3 Bxf3 
9.Qxf3 Nc6 10.Ne2 Nd7 11.c3 Na5 12.Ba2 c5 13.Qd3 Qb6 14.Be3 cxd4 15.Nxd4 
Qxb2 16.Ne6 fxe6 17.Bxe6+ Kh8 18.Bxd7 Qb3 19.Rab1 Qf7 20.Qd5 Qxd5 21.exd5 
Nc4 22.Rxb7 Nxe3 23.fxe3 Bxc3 24.Bc6 Bf6 25.Rb6 Rab8 26.Rxa6 Bg5 27.Rxf8+ 
Rxf8 28.Ra8 Bxe3+ 29.Kh2 Rxa8 30.Bxa8 Bb6 31.Kg3 Kg7 32.Kf4 Kf6 33.g4 h6 
34.Ke4 Kg5 35.Bc6 Kh4 36.Bd7 g5 37.Kf5 Kxh3 38.Kg6 Kg3 39.Kxh6 Kf4 40.Be6 
Be3 41.a5 Ke4 42.a6 Kd3 43.Bg8 Kc4 44.a7 Bxa7 45.Kxg5 Be3+ 46.Kf5 Kd4 47.
g5 Kd3 48.g6 Bh6 49.Ke6 Ke4 50.Kxe7 Kf5 51.Bf7 Bg5+ 52.Kxd6 Kf6 53.Kc7 
Bf4+ 54.d6 Bg3 55.Kc6 Be1 56.d7 Ba5 57.Kb7 Ke7 58.Kc8 Bb6 59.Be8 1-0

[Event "13th Asia-ch"]
[Site "Al-Ain UAE"]
[Date "2015.08.04"]
[Round "3"]
[White "Gupta, Abhijeet"]
[Black "Dzhumaev, Marat"]
[Result "1-0"]
[WhiteElo "2619"]
[BlackElo "2493"]
[EventDate "2015.08.02"]
[PlyCount "69"]

1.d4 d6 2.Nf3 g6 3.c4 f5 4.b4 Bg7 5.Bb2 Nh6 6.e3 Nd7 7.Be2 O-O 8.Nc3 Nf6 
9.O-O Nf7 10.Qc2 g5 11.d5 c5 12.dxc6 bxc6 13.Nd4 Qd7 14.Nxc6 Qxc6 15.Bf3 
Qxc4 16.Bxa8 Be6 17.Bf3 Qxb4 18.Rab1 Ne5 19.Be2 Qh4 20.Nb5 Rc8 21.Qd1 Bxa2
22.Ra1 Bd5 23.Nd4 Qe4 24.Bf3 Nxf3+ 25.gxf3 Qe5 26.Nc6 Qe6 27.Nxe7+ Qxe7 
28.Bxf6 Qf7 29.Bxg7 Kxg7 30.Qd4+ Kg6 31.Rxa7 Qg8 32.e4 fxe4 33.fxe4 Bc6 
34.Qxd6+ Kh5 35.Rc1 1-0

[Event "13th Asia-ch"]
[Site "Al-Ain UAE"]
[Date "2015.08.04"]
[Round "3"]
[White "Kunte, Abhijit"]
[Black "Ghaem Maghami, Ehsan"]
[Result "1/2-1/2"]
[WhiteElo "2493"]
[BlackElo "2609"]
[EventDate "2015.08.02"]
[PlyCount "35"]

1.d4 Nf6 2.c4 g6 3.Nf3 Bg7 4.g3 O-O 5.Bg2 c6 6.Nc3 d5 7.cxd5 cxd5 8.Ne5 e6
9.O-O Nfd7 10.Nf3 Nc6 11.Bf4 Nf6 12.Rc1 h6 13.Ne5 Bd7 14.Qd2 Nxe5 15.Bxe5 
Bc6 16.Rfd1 Qe7 17.b3 Rfd8 18.Qb2 1/2-1/2

[Event "13th Asia-ch"]
[Site "Al-Ain UAE"]
[Date "2015.08.04"]
[Round "3"]
[White "Zhou Jianchao"]
[Black "Utegaliev, Azamat"]
[Result "1/2-1/2"]
[WhiteElo "2600"]
[BlackElo "2469"]
[EventDate "2015.08.02"]
[PlyCount "77"]

1.d4 Nf6 2.c4 c5 3.d5 b5 4.cxb5 a6 5.bxa6 g6 6.Nc3 Bg7 7.Nf3 O-O 8.e4 Qa5 
9.Bd2 Bxa6 10.a4 Bxf1 11.Kxf1 Qb4 12.Qe2 d6 13.g3 Nbd7 14.Kg2 Qb7 15.Rab1 
Rfb8 16.b3 Ne8 17.h4 Qa6 18.Qe3 h5 19.Nb5 Ndf6 20.Bc3 Qb7 21.Nd2 Nc7 22.
Nxc7 Qxc7 23.Nc4 Ng4 24.Qd3 Bxc3 25.Qxc3 Rb4 26.f3 Nf6 27.Rhf1 Nd7 28.Rfe1
Rab8 29.e5 Nxe5 30.Nxe5 dxe5 31.Qxe5 Qxe5 32.Rxe5 c4 33.Rxe7 cxb3 34.a5 
Ra4 35.d6 Rxa5 36.d7 Kf8 37.Rxb3 Kxe7 38.Rxb8 Kxd7 39.Rb2 1/2-1/2

[Event "13th Asia-ch"]
[Site "Al-Ain UAE"]
[Date "2015.08.04"]
[Round "3"]
[White "Abdyjapar, Asyl"]
[Black "Salem, A. R. Saleh"]
[Result "0-1"]
[WhiteElo "2392"]
[BlackElo "2595"]
[EventDate "2015.08.02"]
[PlyCount "76"]

1.d4 Nf6 2.c4 g6 3.Nc3 d5 4.cxd5 Nxd5 5.e4 Nxc3 6.bxc3 Bg7 7.Be3 c5 8.Rc1 
O-O 9.Qd2 Qa5 10.Nf3 Rd8 11.d5 e6 12.c4 Qxd2+ 13.Nxd2 Na6 14.h4 Bd7 15.h5 
Re8 16.Be2 Rac8 17.a3 Bd4 18.Bf4 exd5 19.cxd5 c4 20.Rxc4 Rxc4 21.Bxc4 Nc5 
22.hxg6 hxg6 23.Ke2 b5 24.Bd3 Na4 25.Rc1 Nc3+ 26.Kf3 f5 27.exf5 Nxd5 28.
fxg6 Nxf4 29.Kxf4 Rf8+ 30.Kg5 Rxf2 31.Nf1 Bf6+ 32.Kh5 Rf4 33.g3 Rd4 34.Ne3
Rxd3 35.Rc7 Rd2 36.g7 Bxg7 37.Rxa7 Rd3 38.Ra8+ Kh7 0-1